Normal view
MARC view
- PhD- Robotics and Intelligent Machine Engineering
Entry Topical Term
001 - CONTROL NUMBER
- control field: 123222
003 - CONTROL NUMBER IDENTIFIER
- control field: NUST
005 - DATE AND TIME OF LATEST TRANSACTION
- control field: 20240604160404.0
008 - FIXED-LENGTH DATA ELEMENTS
- fixed length control field: 240604|| aca||aabn | a|a d
040 ## - CATALOGING SOURCE
- Original cataloging agency: NUST
- Transcribing agency: NUST
150 ## - HEADING--TOPICAL TERM
- Topical term or geographic name entry element: PhD- Robotics and Intelligent Machine Engineering
670 ## - SOURCE DATA FOUND
- Source citation: Work cat.: (NUST): UMER MUHAMMAD, 31519, Development of Neural Augmented Ant Colony Optimization (NaACO) Technique for Scheduling Problems/
